000
00290nam a2200097Ia 4500
008
240331s9999 xx 000 0 und d
082
_a
294.3
_b
RAH
100
_a
Rahula thera,
245
4
_a
The way to peace and happiness :
_b
a penetrating study in tob the teachings of Gothama Buiddha
942
_c
L
999
_c
928
_d
928